| 000 | 01048nas a2200277 i 4500 | ||
|---|---|---|---|
| 001 | 2221 | ||
| 003 | ES-MaACL | ||
| 005 | 20250814062556.0 | ||
| 007 | t| | ||
| 008 | 950801c1951 sz | | 1 ||pa d | ||
| 022 | _a0379-0304 | ||
| 080 | _a369(100) | ||
| 245 | 0 | 0 |
_aSeguridad social _b: revista de la Asociación Internacional de la Seguridad Social [y] Conferencia Interamericana de Seguridad Social. |
| 260 |
_aGinebra : _bSecretarías de la A.J.S.S. y de la C.I.S.S., _c1951- |
||
| 300 |
_a24 v. ; _c24 cm. |
||
| 310 | _aIrregular | ||
| 362 | 0 | _aAño 1, n. 1 (oct. 1951)-año 5, n. 26 (marzo/oct. 1957); 2. época, n. 1 (en./feb. 1958)- | |
| 650 | 4 |
_aInstituciones científicas y diversas _913829 |
|
| 650 | 1 | 4 |
_aAsistencia social. Seguros. _910379 |
| 650 |
_aSeguridad social. _9136859 |
||
| 710 | 2 |
_aAsociación Internacional de la Seguridad Social ( _cGinebra) _9194442 |
|
| 710 | 2 |
_aConferencia Interamericana de Seguridad Social ( _cGinebra) _9194443 |
|
| 852 |
_aES-MaACL _jHem-949 |
||
| 866 | 0 | _o1951-67. | |
| 999 |
_c2221 _d2221 |
||